Statistics for Top 20 Running Backs Going into the 2020 NFL Season

Click here to take the quiz!

General Stats

  • This quiz has been taken 118 times
  • The average score is 17 of 20

Answer Stats

TeamPlayer% Correct
TENDerrick Henry
99%
NYGSaquon Barkley
99%
NOAlvin Kamara
98%
DALEzekiel Elliott
98%
CLENick Chubb
97%
CARChristian McCaffrey
95%
MINDalvin Cook
94%
GBAaron Jones
91%
SEAChris Carson
90%
CINJoe Mixon
89%
BALMark Ingram
89%
OAKJosh Jacobs
88%
DENMelvin Gordon
84%
ATLTodd Gurley
81%
SFRaheem Mostert
80%
BUFDevin Singletary
77%
PHIMiles Sanders
76%
LACAustin Ekeler
73%
ARIKenyan Drake
73%
JAXLeonard Fournette
69%

Score Distribution

Percentile by Number Answered

Percent of People with Each Score

Your Score History

You have not taken this quiz